000 01442nam a22004217a 4500
003 OSt
005 20230531100639.0
008 221006b |||||||| |||| 00| 0 eng d
040 _cBiblioteca Lado V
082 _a709.05
_bH737p
100 _9833
_aHollander, Kurt
_eeditor
245 _aPoliéster/
_bpintura y no pintura/
260 _bConsejo Nacional para la Cultura y las Artes
_c1997
_aMexico
300 _c21x27cm
_a64p.
366 _espa
490 _a19
_v6
_x1405-0560
505 _aEditorial
505 _aKevin Madill
505 _aJanieta Eyra
505 _aGeoffrey Topham
505 _aNaomi London
505 _aSteve Reinke
505 _aArtist-Run Centers
505 _aStephen Andrews
505 _aLa resurrección de San Martin
505 _aRealigning Vision
650 _2Tesauro de Arte & Arquitectura
_aARTE
_9703
650 _2Tesauro de Arte & Arquitectura
_aPINTURA
650 _2Tesauro de Arte & Arquitectura
_aFOTOGRAFIA
_9702
650 _2Tesauro de Arte & Arquitectura
_aENTREVISTAS
650 _2Tesauro de Arte & Arquitectura
_aMISCELANEA
650 _2Tesauro de Arte & Arquitectura
_aPROYECTOS DE ARTE
650 _2Tesauro de Arte & Arquitectura
_aESPAÑOL
650 _2Tesauro de Arte & Arquitectura
_aARTE CONTEMPORANEO
651 _2Tesauro de Arte & Arquitectura
_aMEXICO
700 _aPlender, Olivia
_eEditora
942 _2ddc
_c1
_h709.05
_iH737p
_n0
999 _c3764
_d3764